000 01762nam a22002657a 4500
999 _c100273
_d100273
005 20190703084242.0
008 160810b mx ||||| |||| 00| 0 spa d
020 _a9786079350024
050 0 4 _aHD9014.M62
_bI54 2014
245 0 0 _aInfografía agroalimentaria
_c / colaboradores Patricia Ornelas Ruiz,...[et al.]
250 _a1a ed.
260 _aMéxico :
_bSecretaría de Agricultura, Ganadería, Desarrollo Rural, Pesca y Alimentación, Servicio de Información Agroalimentaria y Pesquera
_c2014
300 _a32 v. :
_bil. ;
_c20 cm.
504 _aIncluye bibliografía y glosario
505 0 _t[V. 1] Aguascalientes.
_t[V. 2] Baja California.
_t[V. 3] Baja California Sur.
_t[V. 4] Campeche.
_t[V. 5] Chiapas.
_t[V. 6] Chihuahua.
_t[V. 7] Coahuila.
_t[V. 8] Colima.
_t[V. 9] Distrito Federal.
_t[V. 10] Durango.
_t[V. 11] Guanajuato.
_t[V. 12] Guerrero.
_t[V. 13] Hidalgo.
_t[V. 14] Jalisco.
_t[V. 15] Estado de México.
_t[V. 16] Michoacán.
_t[V. 17] Morelos.
_t[V. 18] Nayarit.
_t[V. 19] Nuevo León.
_t[V. 20] Oaxaca.
_t[V. 21] Puebla.
_t[V. 22] Querétaro.
_t[V. 23] Qintana Roo.
_t[V. 24] San Luis Potosí.
_t[V. 25] Sinaloa.
_t[V. 26] Sonora.
_t[V. 27] Tabasco.
_t[V. 28] Tamaulipas.
_t[V. 29] Tlaxcala.
_t[V. 30] Veracruz.
_t[V. 31] Yucatán.
_t[V. 32] Zacatecas.
651 7 _2lemb
_aMéxico
_xEstados
_xIndustrias agropecuarias
651 7 _2lemb
_aMéxico
_xEstados
_xDesarrollo económico
651 7 _2lemb
_aMéxico
_xEstados
_xGeografía
651 7 _2lemb
_aMéxico
_xEstados
_xDemografía
700 1 _aOrnelas Ruiz, Patricia,
_ecolaborador
700 1 _aRamos Escobar, Rolando,
_ecolaborador
700 1 _aCampos Leal, José Luis,
_ecolaborador
942 _2lcc
_cLIB